000 00566cam a2200205 4500
008 090401t1987 xxu||||| |||| 00| 0 eng d
020 _a0117301841
035 _a(Sirsi) u59514
041 _aeng
050 _a346.4104343
110 _aEngland and Wales
_bLaw Commission
_93302
245 _aLandlord and tenant : compensation for tenants` improvements
260 _aLondon
_bHMSO
_c1987
300 _aiv, 104p. ; 21cm.
350 _a3.6
490 _aLaw Commission Working Paper
_v102
650 _aBUSINESS TENANCIES
942 _n0
948 _c04/03/1997
999 _c94156
_d94156